Impact of the tips from former smokers anti-smoking media campaign on youth smoking behaviors and anti-tobacco attitudes

Gespeichert in:  
Bibliographische Detailangaben
VerfasserInnen: Slocum, Elizabeth (Verfasst von) ; Fleischer, Nancy L. (Verfasst von) ; Elliott, Michael R. (Verfasst von) ; Thrasher, James F. (Verfasst von) ; Patrick, Megan E. (Verfasst von) ; Emery, Sherry (Verfasst von) ; Colston, David C. (Verfasst von) ; Xie, Yanmei (Verfasst von)
Medienart: Elektronisch Aufsatz
Sprache:Englisch
Veröffentlicht: 2022
In: Nicotine & tobacco research
Jahr: 2022, Band: 24, Heft: 12, Seiten: 1927-1936
Online-Zugang: Volltext (kostenfrei)
Verfügbarkeit prüfen: HBZ Gateway

MARC

LEADER 00000caa a22000002c 4500
001 1912585251
003 DE-627
005 20250112055037.0
007 cr uuu---uuuuu
008 241217s2022 xx |||||o 00| ||eng c
024 7 |a 10.1093/ntr/ntac152  |2 doi 
035 |a (DE-627)1912585251 
035 |a (DE-599)KXP1912585251 
040 |a DE-627  |b ger  |c DE-627  |e rda 
041 |a eng 
084 |a 2,1  |2 ssgn 
100 1 |a Slocum, Elizabeth  |e VerfasserIn  |4 aut 
245 1 0 |a Impact of the tips from former smokers anti-smoking media campaign on youth smoking behaviors and anti-tobacco attitudes 
264 1 |c 2022 
336 |a Text  |b txt  |2 rdacontent 
337 |a Computermedien  |b c  |2 rdamedia 
338 |a Online-Ressource  |b cr  |2 rdacarrier 
700 1 |a Fleischer, Nancy L.  |e VerfasserIn  |4 aut 
700 1 |a Elliott, Michael R.  |e VerfasserIn  |4 aut 
700 1 |a Thrasher, James F.  |e VerfasserIn  |4 aut 
700 1 |a Patrick, Megan E.  |e VerfasserIn  |4 aut 
700 1 |a Emery, Sherry  |e VerfasserIn  |4 aut 
700 1 |a Colston, David C.  |e VerfasserIn  |4 aut 
700 1 |a Xie, Yanmei  |e VerfasserIn  |4 aut 
773 0 8 |i Enthalten in  |t Nicotine & tobacco research  |d Oxford [u.a.] : Oxford Univ. Press, 1999  |g 24(2022), 12, Seite 1927-1936  |h Online-Ressource  |w (DE-627)320601250  |w (DE-600)2020202-7  |w (DE-576)273865943  |x 1469-994X  |7 nnas 
773 1 8 |g volume:24  |g year:2022  |g number:12  |g pages:1927-1936 
787 0 8 |i Forschungsdaten  |a Miech, Richard A.  |t Monitoring the Future: A Continuing Study of American Youth, 2015 (Restricted-Use)  |d [Erscheinungsort nicht ermittelbar] : [Verlag nicht ermittelbar], 2017  |w (DE-627)1840040246 
787 0 8 |i Forschungsdaten  |a Miech, Richard A.  |t Monitoring the Future: A Continuing Study of American Youth, 2014 (Restricted-Use)  |d [Erscheinungsort nicht ermittelbar] : [Verlag nicht ermittelbar], 2017  |w (DE-627)1840040254 
787 0 8 |i Forschungsdaten  |a Miech, Richard A.  |t Monitoring the Future: A Continuing Study of American Youth, 2013 (Restricted-Use)  |d [Erscheinungsort nicht ermittelbar] : [Verlag nicht ermittelbar], 2017  |w (DE-627)1840040262 
787 0 8 |i Forschungsdaten  |a Johnston, Lloyd D.  |t Monitoring the Future: A Continuing Study of American Youth (8th- and 10th-Grade Surveys), 2015  |d [Erscheinungsort nicht ermittelbar] : [Verlag nicht ermittelbar], 2016  |w (DE-627)1840043768 
787 0 8 |i Forschungsdaten  |a Johnston, Lloyd D.  |t Monitoring the Future: A Continuing Study of American Youth (8th- and 10th-Grade Surveys), 2014  |d [Erscheinungsort nicht ermittelbar] : [Verlag nicht ermittelbar], 2015  |w (DE-627)1840045310 
787 0 8 |i Forschungsdaten  |a Johnston, Lloyd D.  |t Monitoring the Future: A Continuing Study of American Youth (8th- and 10th-Grade Surveys), 2013  |d [Erscheinungsort nicht ermittelbar] : [Verlag nicht ermittelbar], 2014  |w (DE-627)184004585X 
787 0 8 |i Forschungsdaten  |a Johnston, Lloyd D.  |t Monitoring the Future: A Continuing Study of American Youth (12th-Grade Survey), 2015  |d [Erscheinungsort nicht ermittelbar] : [Verlag nicht ermittelbar], 2016  |w (DE-627)184004375X 
787 0 8 |i Forschungsdaten  |a Johnston, Lloyd D.  |t Monitoring the Future: A Continuing Study of American Youth (12th-Grade Survey), 2014  |d [Erscheinungsort nicht ermittelbar] : [Verlag nicht ermittelbar], 2015  |w (DE-627)1840042990 
787 0 8 |i Forschungsdaten  |a Johnston, Lloyd D.  |t Monitoring the Future: A Continuing Study of American Youth (12th-Grade Survey), 2013  |d [Erscheinungsort nicht ermittelbar] : [Verlag nicht ermittelbar], 2014  |w (DE-627)1840045841 
856 |u https://www.ncbi.nlm.nih.gov/pmc/articles/9653086  |x unpaywall  |z Vermutlich kostenfreier Zugang  |h repository [deprecated] 
856 4 0 |u https://doi.org/10.1093/ntr/ntac152  |x Resolving-System  |z kostenfrei  |3 Volltext  |7 0 
935 |a mkri 
951 |a AR 
ELC |a 1 
LOK |0 000 xxxxxcx a22 zn 4500 
LOK |0 001 4637550750 
LOK |0 003 DE-627 
LOK |0 004 1912585251 
LOK |0 005 20241217044555 
LOK |0 008 241217||||||||||||||||ger||||||| 
LOK |0 035   |a (DE-2619)ICPSR169472 
LOK |0 040   |a DE-2619  |c DE-627  |d DE-2619 
LOK |0 092   |o n 
LOK |0 852   |a DE-2619 
LOK |0 852 1  |9 00 
LOK |0 935   |a nacp 
LOK |0 939   |a 17-12-24  |b l01 
OAS |a 1 
ORI |a SA-MARC-krimdoka001.raw